Города по Фото — Т - Statistics

General Stats
  • This quiz has been taken 44 times
  • The average score is 6 of 20
Answer Stats
Picture Hint Answer % Correct
Токио
87%
Торонто
70%
Ташкент
70%
Тегеран
48%
Тирасполь
48%
Томск
48%
Тбилиси
43%
Таллин
43%
Тайбэй
30%
Тель-Авив
26%
Турин
26%
Тобольск
22%
Тимбукту
17%
Туркестан
13%
Тхимпху
13%
Триполи
9%
Толедо
4%
Тронхейм
4%
Торсхавн
0%
Тиват
0%
No matching quizzes found
Score Distribution
Percent of People with Each Score
Percentile by Number Answered
Your Score History
You have not taken this quiz